| Поле | Инд. | ПП | Название | Значение |
|---|---|---|---|---|
| Тип записи | a | |||
| Библиографический уровень | b | |||
| 001 | Контрольный номер | RU/IS/BASE/474983079 | ||
| 005 | Дата корректировки | 20200629065935.3 | ||
| 008 | Кодируемые данные | 20150119 | ||
| 040 | b | Код языка каталог. | rus | |
| e | Правила каталог. | PSBO | ||
| 041 | 0_ | a | Код языка текста | rus |
| 084 | a | Индекс другой классификации/Индекс ББК | 88.251.31-2-52 | |
| 100 | 1_ | a | Автор | Коровкин С. Ю. |
| 100 | 1_ | a | Автор | Никифорова О. С. |
| 245 | 10 | a | Заглавие | Когнитивные и аффективные механизмы юмористической фасилитации решения творческих задач |
| 500 | a | Примечание | Приложения. Задачи, использованные в эксперименте 1. Задачи, использованные в эксперименте 2 | |
| 504 | a | Библиография | Библиогр.: с. 46 - 48 | |
| 520 | 0_ | a | Аннотация | Проведена серия экспериментальных исследований, в которых изучаются механизмы, лежащие в основе феномена юмористической фасилитации малых творческих (инсайтных) задач. В работе получено подтверждение наличия феномена юмористической фасилитации решения инсайтных задач. Предложена теоретическая модель и проанализирована роль когнитивных и аффективных механизмов в феномене фасилитации. Подтверждена роль аффективного компонента юмора в фасилитации решения инсайтных задач. Выявлена роль противоречий и смещения когнитивных схем в усилении аффективных механизмов фасилитации |
| 650 | a | Основная рубрика | познавательные процессы | |
| a | Основная рубрика | психические процессы | ||
| a | Основная рубрика | психология | ||
| 653 | a | Ключевые слова | инсайт | |
| a | Ключевые слова | когнитивная психология | ||
| a | Ключевые слова | когнитивные механизмы | ||
| a | Ключевые слова | мыслительный процесс | ||
| a | Ключевые слова | мышление | ||
| a | Ключевые слова | положительные эмоции | ||
| a | Ключевые слова | психологические исследования | ||
| a | Ключевые слова | психология мышления | ||
| a | Ключевые слова | решение творческих задач | ||
| a | Ключевые слова | творческие задачи | ||
| a | Ключевые слова | фасилитация юмористическая | ||
| a | Ключевые слова | экспериментальная психология | ||
| a | Ключевые слова | эмоции | ||
| a | Ключевые слова | юмор | ||
| 773 | 08 | t | Заглавие источника | Экспериментальная психология |
| d | Дата издания источника | 2014 | ||
| g | Прочая информация | № 4. - С. 37 - 51 : рис., табл. | ||
| w | Контрольный № источника | RU/IS/BASE/474476873 | ||
| 901 | t | Тип документа | b |